header

Private sector and development (Record no. 155482)

MARC details
000 -LEADER
fixed length control field 01302nam a2200301Ia 4500
245 10 - TITLE STATEMENT
Title Private sector and development
260 ## - PUBLICATION, DISTRIBUTION, ETC. (IMPRINT)
Place of publication Washington, D.C. :
Name of publisher World Bank,
Year of publication 2009.
300 ## - PHYSICAL DESCRIPTION
Number of Pages vii, 167 p. :
Other physical details ill.
650 #0 - SUBJECT ADDED ENTRY--TOPICAL TERM
Topical Term Development economics
Topical Term Economic assistance
856 40 - ELECTRONIC LOCATION AND ACCESS
Uniform Resource Identifier http://site.ebrary.com/lib/rucke/Doc?id=10340916

No items available.

© 2026 Rongo University
Contact us: librarian | system librarian | Rongo university